<?xml version="1.0" encoding="UTF-8"?>
<record
    xmlns:xsi="http://www.w3.org/2001/XMLSchema-instance"
    xsi:schemaLocation="http://www.loc.gov/MARC21/slim http://www.loc.gov/standards/marcxml/schema/MARC21slim.xsd"
    xmlns="http://www.loc.gov/MARC21/slim">

  <leader>02192nam a22002177a 4500</leader>
  <controlfield tag="003">CUTN</controlfield>
  <controlfield tag="005">20251111113313.0</controlfield>
  <controlfield tag="008">251111b           ||||| |||| 00| 0 eng d</controlfield>
  <datafield tag="041" ind1=" " ind2=" ">
    <subfield code="a">English</subfield>
  </datafield>
  <datafield tag="082" ind1=" " ind2=" ">
    <subfield code="2">23</subfield>
    <subfield code="a">780.9548</subfield>
    <subfield code="b">SAM </subfield>
  </datafield>
  <datafield tag="100" ind1=" " ind2=" ">
    <subfield code="a">Sambamoorthy, P.</subfield>
  </datafield>
  <datafield tag="245" ind1=" " ind2=" ">
    <subfield code="a">South Indian Music : </subfield>
    <subfield code="b">Book 5/</subfield>
  </datafield>
  <datafield tag="260" ind1=" " ind2=" ">
    <subfield code="a">Chennai : </subfield>
    <subfield code="b">The Indian Music Publishing House,</subfield>
    <subfield code="c">2019.</subfield>
  </datafield>
  <datafield tag="300" ind1=" " ind2=" ">
    <subfield code="a">291p. :</subfield>
    <subfield code="b">ill. ;</subfield>
  </datafield>
  <datafield tag="500" ind1=" " ind2=" ">
    <subfield code="a">In the seventh edition, the theoreticai portions have been further enlarged. Model Appreciation essays on six kritis of Tyagaraja have been added at the end. Some more technical terms have been explained in Chapter XII.

 

Topics like Analytical and Synthetic portrayal of Ragas in musical compositions and the utility of Sutra gitas are additions to this edition.

 

The book has been carefully revised and brought up-to-date.6 Volume Book.</subfield>
  </datafield>
  <datafield tag="505" ind1=" " ind2=" ">
    <subfield code="t">Table of Contents</subfield>
    <subfield code="a">I

Music and Mathematics

1

II

Early Experiments in Music

39

III

Survival of the useful and the beautiful in the realm of Music

55

IV

Origin of scales and ragas

69

V

Murchchanakaraka melas

84

VI

Murchchanakaraka Janya ragas

97

VII

Mela, Meta Paddhati and Mela

 

 

Nomenclature

101

VIII

A New scheme of 5184 Melakartas

111

IX

Musical laws, facts and phenomena

 

 

known to the Indian Musicologists

 

 

of ancient and medieval times

134

X

The evolution of Finger technique

 

 

in Indian Instrumental music

145

XI

Raga and Emotion

160

XII

Mudras in musical compositions

183

XIII

Music and Temples

211

XIV

Geographical factors and music

232

XV

Miscellaneous:

 

 

Plural sahityas for famous tunes and

 

 

plural tunes for famous sahityas

247

 

The influence of Music on Health

255

 

Melodic harmony

261

 

Brinda Gana - Its origin and development

265

 

Srutir mata ; Laya: pita

269

XVI

Raga Lakshana

273

 

Appendices I to V

280

 

Questions

289

 

</subfield>
  </datafield>
  <datafield tag="650" ind1=" " ind2=" ">
    <subfield code="a">Carnatic music.</subfield>
  </datafield>
  <datafield tag="650" ind1=" " ind2=" ">
    <subfield code="a">Raga.</subfield>
  </datafield>
  <datafield tag="690" ind1=" " ind2=" ">
    <subfield code="a">Music</subfield>
  </datafield>
  <datafield tag="942" ind1=" " ind2=" ">
    <subfield code="2">ddc</subfield>
    <subfield code="c">RB</subfield>
  </datafield>
  <datafield tag="999" ind1=" " ind2=" ">
    <subfield code="c">46121</subfield>
    <subfield code="d">46121</subfield>
  </datafield>
  <datafield tag="952" ind1=" " ind2=" ">
    <subfield code="0">0</subfield>
    <subfield code="1">0</subfield>
    <subfield code="2">ddc</subfield>
    <subfield code="4">0</subfield>
    <subfield code="7">0</subfield>
    <subfield code="8">REF</subfield>
    <subfield code="a">CUTN</subfield>
    <subfield code="b">CUTN</subfield>
    <subfield code="c">REF</subfield>
    <subfield code="d">2025-11-11</subfield>
    <subfield code="l">0</subfield>
    <subfield code="o">780.9548 SAM </subfield>
    <subfield code="p">49229</subfield>
    <subfield code="r">2025-11-11 11:31:21</subfield>
    <subfield code="w">2025-11-11</subfield>
    <subfield code="y">RB</subfield>
  </datafield>
</record>
